Geographical information systems as part of the Corporate Information Strategy (Record no. 21356)

MARC details
000 -LEADER
fixed length control field 01286cab a2200241 4500
001 - CONTROL NUMBER
control field A34
008 - FIXED-LENGTH DATA ELEMENTS--GENERAL INFORMATION
fixed length control field 090401t1991 xxu||||| |||| 00| 0 eng d
035 ## - SYSTEM CONTROL NUMBER
System control number (Sirsi) u31814
041 ## - LANGUAGE CODE
Language code of text/sound track or separate title eng
100 ## - MAIN ENTRY--PERSONAL NAME
Personal name Grimshaw, David J.
245 ## - TITLE STATEMENT
Title Geographical information systems as part of the Corporate Information Strategy
260 ## - PUBLICATION, DISTRIBUTION, ETC.
Date of publication, distribution, etc. 1991
350 ## - PRICE (NR) (BK AM CF MU VM SE) [OBSOLETE]
Price 0
490 ## - SERIES STATEMENT
Series statement International Journal of Information Management
Volume/sequential designation 11(4) December 1991, 292-297(6)
520 ## - SUMMARY, ETC.
Summary, etc. In business applications GIS must be seen as another potential tool. Managers need to see GIS among a range of management support tools, in a way that other information systems might be viewed. The integration of GISS into corporate information systems is vital for gaining the maximum benefit from the information resources of the organisation. The paper explores issues such as: How can GIS be integrated into the information strategy? What are the benefits of such an integration? The paper puts forward a framework for considering GIS within the corporate information strategy.
650 ## - SUBJECT ADDED ENTRY--TOPICAL TERM
Topical term or geographic name entry element CORPORATE INFORMATION STRATEGY
690 ## - LOCAL SUBJECT ADDED ENTRY--TOPICAL TERM (OCLC, RLIN)
Topical term or geographic name as entry element MANAGEMENT-BUSINESS MANAGEMENT-INFORMATION MANAGEMENT
700 ## - ADDED ENTRY--PERSONAL NAME
Personal name McNally, D.
700 ## - ADDED ENTRY--PERSONAL NAME
Personal name Millner, L.
700 ## - ADDED ENTRY--PERSONAL NAME
Personal name Williams, C.
942 ## - ADDED ENTRY ELEMENTS (KOHA)
Suppress in OPAC 0
948 ## - LOCAL PROCESSING INFORMATION (OCLC); SERIES PART DESIGNATOR (RLIN)
c (OCLC) 04/03/1997
Holdings
Withdrawn status Lost status Source of classification or shelving scheme Damaged status Not for loan Home library Current library Shelving location Date acquired Total Checkouts Full call number Barcode Date last seen Copy number Price effective from Koha item type
    Dewey Decimal Classification     London London Journal article 14/09/1999   A34 31814-1001 06/08/2019 1 06/08/2019 Journal article